000 00785cam a2200253u 4500
001 18112
003 BD-RjUL
005 20211209000235.0
008 140219s1965 mau 000 0 eng
035 _a(BD-RjUL)18170
040 _aDLC
_cCarP
_dDLC
_dBD-RjUL
_beng
041 _aeng
082 0 0 _220
_a820.9
_bBUP 1965
100 1 _aBush, Douglas,
_d1896-1983.
_955811
245 1 0 _aPrefaces to Renaissance literature /
_c Douglas Bush.
260 _aCambridge :
_bHarvard University Press,
_c1965.
300 _axiii, 110 p. ;
_c21 cm.
504 _aIncludes bibliography.
650 0 _aEnglish literature
_yEarly modern, 1500-1700
_xHistory and criticism.
_953256
650 0 _aRenaissance
_zEngland.
_94395
942 _2ddc
_cBK
999 _c18112
_d18112